000 00311nam a2200133Ia 4500
100 _aGoyal/ S.C./ Bakshi U A
942 _cBK
654 _afeedback
245 _aFeedback and control system 2nd revied
260 _bTechl Pubns
_aPune
_c1996
082 _a629.83
_bGOY/BAK
300 _a552
546 _aENGLISH
999 _c20737
_d20737